Style & vernacular : (Record no. 27165)
[ view plain ]
| 000 -LEADER | |
|---|---|
| fixed length control field | 01184cam a2200301 a 4500 |
| 001 - CONTROL NUMBER | |
| control field | 1877718 |
| 005 - DATE AND TIME OF LATEST TRANSACTION | |
| control field | 20170207143908.0 |
| 008 - FIXED-LENGTH DATA ELEMENTS--GENERAL INFORMATION | |
| fixed length control field | 830405s1983 orua b 001 0 eng |
| 010 ## - LIBRARY OF CONGRESS CONTROL NUMBER | |
| LC control number | 83008019 |
| 020 ## - INTERNATIONAL STANDARD BOOK NUMBER | |
| International Standard Book Number | 087595085X (pbk.) : |
| Terms of availability | $9.95 |
| 040 ## - CATALOGING SOURCE | |
| Original cataloging agency | DLC |
| Transcribing agency | DLC |
| Modifying agency | DLC |
| 043 ## - GEOGRAPHIC AREA CODE | |
| Geographic area code | n-us-or |
| 050 00 - LIBRARY OF CONGRESS CALL NUMBER | |
| Classification number | NA730 |
| Item number | .Q72L368 1983 |
| 245 00 - TITLE STATEMENT | |
| Title | Style & vernacular : |
| Remainder of title | a guide to the architecture of Lane County, Oregon / |
| Statement of responsibility, etc. | produced by the Southwestern Oregon Chapter, American Institute of Architects. |
| 260 ## - PUBLICATION, DISTRIBUTION, ETC. (IMPRINT) | |
| Place of publication, distribution, etc. | [Portland, Or.] : |
| Name of publisher, distributor, etc. | Western Imprints, |
| Date of publication, distribution, etc. | 1983. |
| 300 ## - PHYSICAL DESCRIPTION | |
| Extent | 159 p. : |
| Other physical details | ill. ; |
| Dimensions | 15 x 21 cm. |
| 500 ## - GENERAL NOTE | |
| General note | Includes index. |
| 504 ## - BIBLIOGRAPHY, ETC. NOTE | |
| Bibliography, etc | Bibliography: p. 154-155. |
| 650 #0 - SUBJECT ADDED ENTRY--TOPICAL TERM | |
| Topical term or geographic name as entry element | Architecture |
| Geographic subdivision | Oregon |
| -- | Lane County |
| General subdivision | Guidebooks. |
| 650 #0 - SUBJECT ADDED ENTRY--TOPICAL TERM | |
| Topical term or geographic name as entry element | Vernacular architecture |
| Geographic subdivision | Oregon |
| -- | Lane County |
| General subdivision | Guidebooks. |
| 651 #0 - SUBJECT ADDED ENTRY--GEOGRAPHIC NAME | |
| Geographic name | Lane County (Or.) |
| General subdivision | Guidebooks. |
| 710 2# - ADDED ENTRY--CORPORATE NAME | |
| Corporate name or jurisdiction name as entry element | American Institute of Architects. |
| Subordinate unit | Southwestern Oregon Chapter. |
| 740 0# - ADDED ENTRY--UNCONTROLLED RELATED/ANALYTICAL TITLE | |
| Uncontrolled related/analytical title | Style and vernacular. |
| 942 ## - ADDED ENTRY ELEMENTS (KOHA) | |
| Source of classification or shelving scheme | |
| Koha item type | Hard Covered Materials |
| Classification part | NA730 .Q72L368 1983 |
| Withdrawn status | Lost status | Source of classification or shelving scheme | Damaged status | Not for loan | Home library | Current library | Shelving location | Date acquired | Source of acquisition | Total Checkouts | Full call number | Barcode | Date last seen | Price effective from | Koha item type |
|---|---|---|---|---|---|---|---|---|---|---|---|---|---|---|---|
| MACHAKOS UNIVERSITY LIBRARY | MACHAKOS UNIVERSITY LIBRARY | Technical section | 07/02/2017 | Donation(BFA) | NA730 .Q72L368 1983 | 34850 | 02/08/2018 | 07/02/2017 | Hard Covered Materials |